[Event "Women's Speed Chess Q5"]
[Site "chess.com INT"]
[Date "2020.06.22"]
[Round "12"]
[White "Nikoladze, Sopio"]
[Black "Diakonova, Ekaterina"]
[Result "1-0"]
[WhiteTitle "WIM"]
[WhiteElo "2132"]
[BlackElo "2209"]
[WhiteFideId "13600427"]
[BlackFideId "24172936"]
[EventDate "2020.06.22"]

1. d4 d5 2. Nf3 Nf6 3. e3 g6 4. Bd3 Bg7 5. O-O O-O 6. Ne5 Nfd7 7. f4 f6 8. Nxd7
Nxd7 9. h4 e5 10. h5 exd4 11. hxg6 dxe3 12. gxh7+ Kh8 13. Bxe3 c5 14. Bg6 d4 15.
Bf2 f5 16. Qh5 Qf6 17. Nd2 Nb6 18. Bh4 Qd6 19. Rae1 Be6 20. g4 fxg4 21. f5 d3
22. c3 Bd5 23. Re7 Bf6 24. Rfe1 Qf4 25. Re8 Raxe8 26. Rxe8 Bd4+ 27. cxd4 Qxd4+
28. Bf2 Qf6 29. Qg5 Qxg5 30. Rxf8+ 1-0

[Event "Women's Speed Chess Q5"]
[Site "chess.com INT"]
[Date "2020.06.22"]
[Round "12"]
[White "Tarleva, Vira"]
[Black "Berdychevskaya, Natasha"]
[Result "0-1"]
[WhiteTitle "WFM"]
[BlackTitle "WFM"]
[WhiteElo "2030"]
[BlackElo "2208"]
[WhiteFideId "14116693"]
[BlackFideId "4159322"]
[EventDate "2020.06.22"]

1. e4 e5 2. Nf3 Nf6 3. Nxe5 Nxe4 4. Qe2 Qe7 5. Qxe4 d6 6. d4 dxe5 7. dxe5 Nc6 8.
Bf4 g5 9. Bg3 f5 10. Qe2 f4 11. Qh5+ Kd8 12. Be2 Qxe5 13. Bh4 gxh4 14. Qxh4+ Be7
15. Qh6 Qxb2 16. O-O Qxa1 17. Rd1+ Bd6 18. c3 Re8 19. Qf6+ Ne7 20. Bb5 Bd7 21.
Bc4 Qb2 22. Bf7 Qe2 0-1

[Event "Women's Speed Chess Q5"]
[Site "chess.com INT"]
[Date "2020.06.22"]
[Round "12"]
[White "Shuvalova, Polina"]
[Black "Turova, Irina"]
[Result "1-0"]
[WhiteTitle "WGM"]
[BlackTitle "IM"]
[WhiteElo "2454"]
[BlackElo "2381"]
[WhiteFideId "24171760"]
[BlackFideId "4120876"]
[EventDate "2020.06.22"]

1. e4 e5 2. Nf3 Nc6 3. Bb5 f5 4. Nc3 fxe4 5. Nxe4 Nf6 6. Nxf6+ Qxf6 7. O-O Be7
8. d4 e4 9. Bxc6 bxc6 10. Ne5 O-O 11. Be3 c5 12. Ng4 Qf5 13. h3 Ba6 14. Re1 Bh4
15. Qd2 h5 16. Ne5 cxd4 17. Qxd4 d6 18. Nc6 Bf6 19. Qd2 Bxb2 20. Ne7+ Kh8 21.
Nxf5 Rxf5 22. Rab1 Be5 23. Bd4 Bf4 24. Be3 Be5 25. Rb4 Raf8 26. Reb1 d5 27. Rb8
c6 28. Rxf8+ Rxf8 29. Qb4 Rb8 30. Qxb8+ Bxb8 31. Rxb8+ 1-0

[Event "Women's Speed Chess Q5"]
[Site "chess.com INT"]
[Date "2020.06.22"]
[Round "12"]
[White "Mamedjarova, Turkan"]
[Black "Kazarian, Anna-Maja"]
[Result "0-1"]
[WhiteTitle "WGM"]
[BlackTitle "FM"]
[WhiteElo "2309"]
[BlackElo "2096"]
[WhiteFideId "13402005"]
[BlackFideId "1033689"]
[EventDate "2020.06.22"]

1. d4 d5 2. Nf3 Nf6 3. Bf4 e6 4. Ne5 c5 5. e3 Bd6 6. c3 O-O 7. Nd2 Ne4 8. Bd3
Nxd2 9. Qxd2 f6 10. Nf3 Nc6 11. Qc2 h6 12. Bh7+ Kh8 13. Nh4 Ne7 14. Bxd6 Qxd6
15. Ng6+ Nxg6 16. Bxg6 e5 17. dxc5 Qxc5 18. O-O f5 19. Rfd1 Be6 20. Bh5 e4 21.
Rd4 f4 22. exf4 Rxf4 23. g3 Rf6 24. Qe2 Raf8 25. Rf1 Bh3 26. Re1 Rf5 27. Red1
Qc6 28. Bg4 Bxg4 29. Qxg4 Rxf2 30. Rxd5 e3 31. c4 e2 0-1

[Event "Women's Speed Chess Q5"]
[Site "chess.com INT"]
[Date "2020.06.22"]
[Round "12"]
[White "Karnaukhova, Elmira"]
[Black "Golubeva, Oksana"]
[Result "0-1"]
[WhiteTitle "WGM"]
[BlackTitle "WFM"]
[WhiteElo "2319"]
[BlackElo "2179"]
[WhiteFideId "4148827"]
[BlackFideId "4170164"]
[EventDate "2020.06.22"]

1. d4 e6 2. c4 d5 3. Nc3 Nf6 4. Bg5 Be7 5. e3 a6 6. Nf3 Nbd7 7. Rc1 O-O 8. cxd5
exd5 9. Bd3 b5 10. O-O Bb7 11. Qe2 c5 12. dxc5 Nxc5 13. Bb1 Nce4 14. Bh4 b4 15.
Na4 a5 16. Rfd1 Qe8 17. b3 Ng4 18. Bg3 Ra6 19. Nd4 f5 20. Rc7 Nxg3 21. hxg3 Qh5
22. Qf3 Rh6 23. Kf1 Nh2+ 24. Ke2 Nxf3 25. gxf3 Ba6+ 26. Bd3 Bxd3+ 27. Rxd3 Bd8
28. Rd7 Qh1 29. Nc5 Rh2 30. Nce6 Qg1 31. Rxg7+ Kh8 32. Nxf8 Rxf2# 0-1

[Event "Women's Speed Chess Q5"]
[Site "chess.com INT"]
[Date "2020.06.22"]
[Round "12"]
[White "Babiy, Olga"]
[Black "Dwilewicz, Katarzyna"]
[Result "1-0"]
[WhiteTitle "WGM"]
[BlackTitle "WFM"]
[WhiteElo "2228"]
[BlackElo "2120"]
[WhiteFideId "14117258"]
[BlackFideId "1148486"]
[EventDate "2020.06.22"]

1. e4 c5 2. Nf3 e6 3. d4 cxd4 4. Nxd4 Nc6 5. Nc3 Qc7 6. Be3 a6 7. a3 Nf6 8. f4
d6 9. Qf3 Be7 10. O-O-O Bd7 11. g4 Nxd4 12. Rxd4 e5 13. Rc4 Qb8 14. g5 Ng4 15.
Bb6 Be6 16. Nd5 Bxd5 17. exd5 exf4 18. Qxg4 O-O 19. Bd3 Re8 20. Rxf4 a5 21. Rhf1
Rf8 22. Rxf7 Rxf7 23. Qe6 Qe8 24. Bxh7+ Kxh7 25. g6+ Kh8 26. Qh3+ Kg8 27. Qh7+
Kf8 28. Qh8# 1-0

[Event "Women's Speed Chess Q5"]
[Site "chess.com INT"]
[Date "2020.06.22"]
[Round "12"]
[White "Gunina, Valentina"]
[Black "Sargsyan, Anna M."]
[Result "1-0"]
[WhiteTitle "GM"]
[BlackTitle "WGM"]
[WhiteElo "2431"]
[BlackElo "2405"]
[WhiteFideId "4167570"]
[BlackFideId "13308130"]
[EventDate "2020.06.22"]

1. d4 Nf6 2. c4 g6 3. Nf3 Bg7 4. Nc3 d5 5. cxd5 Nxd5 6. e4 Nxc3 7. bxc3 O-O 8.
Be2 c5 9. O-O Nc6 10. Be3 cxd4 11. cxd4 b6 12. Rc1 Bb7 13. Qa4 Na5 14. d5 Bc8
15. Bd4 Bd7 16. Qb4 f6 17. Bb2 Nb7 18. Nd2 Re8 19. f4 Nc5 20. e5 Bf5 21. Qd4 Qd7
22. h3 h5 23. Nb3 Nxb3 24. axb3 Rad8 25. Rfd1 Kh7 26. e6 Qd6 27. g4 hxg4 28.
hxg4 Bxe6 29. dxe6 Qxe6 30. Qf2 Rxd1+ 31. Rxd1 Qxb3 32. Bf3 e6 33. Rd7 Qb5 34.
Qh4+ Kg8 35. Rxg7+ 1-0

[Event "Women's Speed Chess Q5"]
[Site "chess.com INT"]
[Date "2020.06.22"]
[Round "12"]
[White "Foisor, Sabina-Francesca"]
[Black "Cholleti, Sahajasri"]
[Result "1/2-1/2"]
[WhiteTitle "WGM"]
[BlackTitle "WIM"]
[WhiteElo "2228"]
[BlackElo "2235"]
[WhiteFideId "1212915"]
[BlackFideId "5045118"]
[EventDate "2020.06.22"]

1. d4 Nf6 2. c4 e6 3. Nf3 d5 4. Bg5 h6 5. Bxf6 Qxf6 6. e3 Bb4+ 7. Nbd2 O-O 8. a3
Bxd2+ 9. Qxd2 Nd7 10. cxd5 exd5 11. Bd3 c6 12. O-O Re8 13. b4 Nb6 14. a4 Bf5 15.
Ne5 Bxd3 16. Qxd3 Qd6 17. b5 f6 18. Nf3 Nc4 19. Qg6 Qd7 20. bxc6 bxc6 21. Rfb1
Rab8 22. h3 Qf7 23. Qd3 Qc7 24. Nh4 Rxb1+ 25. Rxb1 Rb8 26. Rxb8+ Qxb8 27. Qf5
Qe8 28. Ng6 Nd6 29. Qc2 Ne4 30. Nf4 Qb8 31. Qxc6 Qb1+ 32. Kh2 Nxf2 33. Qxd5+ Kh7
34. Kg3 Ne4+ 35. Kh2 Nf2 36. Kg3 Ne4+ 37. Kh2 Nf2 1/2-1/2

[Event "Women's Speed Chess Q5"]
[Site "chess.com INT"]
[Date "2020.06.22"]
[Round "12"]
[White "Skuhala, Barbara"]
[Black "Goh, Jie Yi"]
[Result "0-1"]
[WhiteTitle "WFM"]
[BlackTitle "WCM"]
[WhiteElo "2095"]
[BlackElo "1743"]
[WhiteFideId "14605465"]
[BlackFideId "5710049"]
[EventDate "2020.06.22"]

1. e4 e6 2. d4 d5 3. Nc3 Nf6 4. Bg5 Bb4 5. e5 h6 6. Bd2 Bxc3 7. bxc3 Ne4 8. Bc1
Nxc3 9. Qf3 Ne4 10. Bd3 c5 11. Bxe4 dxe4 12. Qxe4 Qxd4 13. Qxd4 cxd4 14. Nf3 Nc6
15. O-O O-O 16. Ba3 Rd8 17. Rfd1 Rd5 18. c3 dxc3 19. Rdc1 Nxe5 20. Nxe5 Rxe5 21.
Rxc3 Bd7 22. Rc7 Bc6 23. g3 Rd8 24. Be7 Rd2 25. a4 Red5 26. Kf1 Rf5 27. f4 Rxh2
28. Ra3 e5 29. Kg1 Rg2+ 30. Kf1 exf4 31. Rxc6 bxc6 32. Kxg2 fxg3 33. Rxg3 f6 34.
Bd8 Rg5 35. Rxg5 hxg5 36. a5 a6 37. Kf3 Kf7 38. Ke3 Ke6 39. Kd4 g4 40. Bc7 g5
41. Kc5 Kd7 42. Bh2 f5 43. Kb6 f4 44. Kxa6 g3 45. Bg1 f3 46. Kb7 f2 0-1

[Event "Women's Speed Chess Q5"]
[Site "chess.com INT"]
[Date "2020.06.22"]
[Round "12"]
[White "Pham, Bich Ngoc"]
[Black "Nguyen, Thi Thanh An"]
[Result "0-1"]
[WhiteTitle "WIM"]
[BlackTitle "WGM"]
[WhiteElo "2235"]
[BlackElo "2285"]
[WhiteFideId "12401285"]
[BlackFideId "12400300"]
[EventDate "2020.06.22"]

1. g3 Nf6 2. Bg2 g6 3. f4 Bg7 4. e4 d6 5. d3 O-O 6. Nf3 c5 7. O-O Nc6 8. Nc3 Rb8
9. h3 Ne8 10. Be3 Nd4 11. g4 Nc7 12. Qd2 Nxf3+ 13. Bxf3 Ne6 14. Rae1 b5 15. f5
Nd4 16. Bg2 b4 17. Nd5 Bb7 18. f6 exf6 19. Nxb4 f5 20. Nd5 Bxd5 21. exd5 fxg4
22. c3 Nf5 23. hxg4 Nxe3 24. Rxe3 Bh6 25. b3 Qh4 26. Qe2 Bxe3+ 27. Qxe3 Qxg4 28.
Rf3 Rbe8 29. Qf2 f5 30. Kh1 Re7 31. Bh3 Qh5 32. Kg2 Rfe8 33. Kf1 Qg5 34. Bxf5
Re1+ 35. Qxe1 Rxe1+ 36. Kxe1 gxf5 0-1

[Event "Women's Speed Chess Q5"]
[Site "chess.com INT"]
[Date "2020.06.22"]
[Round "12"]
[White "Belenkaya, Dina"]
[Black "Tarini, Goyal"]
[Result "0-1"]
[WhiteTitle "WGM"]
[BlackTitle "WFM"]
[WhiteElo "2297"]
[BlackElo "2164"]
[WhiteFideId "24142654"]
[BlackFideId "5082749"]
[EventDate "2020.06.22"]

1. e4 c6 2. d4 d5 3. Nc3 dxe4 4. Nxe4 Bf5 5. Ng3 Bg6 6. h4 h6 7. Nf3 e6 8. h5
Bh7 9. Ne5 Nd7 10. f4 Nxe5 11. fxe5 c5 12. Bb5+ Ke7 13. c3 cxd4 14. Qa4 f6 15.
cxd4 Kf7 16. O-O a6 17. Bc4 b5 18. Bxb5 axb5 19. Qxb5 Qxd4+ 20. Kh2 Qh4+ 21. Kg1
Qxg3 22. Bf4 Qg4 23. Qb7+ Be7 24. Qxa8 Bc5+ 25. Kh1 Ne7 26. Qxh8 Be4 27. Rf3
Bxf3 28. gxf3 Qxf3+ 29. Kh2 Qxf4+ 30. Kg2 Nf5 31. exf6 Qg3+ 32. Kf1 Qf2# 0-1

[Event "Women's Speed Chess Q5"]
[Site "chess.com INT"]
[Date "2020.06.22"]
[Round "12"]
[White "Zhuravleva, Olga"]
[Black "Haussernot, Cecile"]
[Result "1-0"]
[WhiteTitle "WIM"]
[BlackTitle "WIM"]
[WhiteElo "2278"]
[BlackElo "2171"]
[WhiteFideId "4145933"]
[BlackFideId "601632"]
[EventDate "2020.06.22"]

1. e4 e6 2. d4 b6 3. Bd3 Bb7 4. c3 c5 5. Nf3 c4 6. Bc2 d5 7. e5 b5 8. O-O b4 9.
Bd2 a5 10. Qe2 Qb6 11. h3 Nc6 12. Re1 a4 13. Bc1 Nge7 14. Nbd2 b3 15. axb3 axb3
16. Rxa8+ Bxa8 17. Bd1 g6 18. Nf1 h5 19. Nh4 Nc8 20. Ng3 Be7 21. Nf3 h4 22. Nf1
Rh5 23. N1h2 N8a7 24. Ng4 Nb5 25. Nf6+ Bxf6 26. exf6 Rf5 27. Nxh4 Rh5 28. Nxg6
fxg6 29. Qxe6+ Kd8 30. f7 Rf5 31. Qxf5 gxf5 32. f8=Q+ Kc7 33. Qxa8 Nxc3 34. Bf4+
Ne5 35. Bxe5+ Kd7 36. bxc3 b2 37. Ba4+ Ke6 38. Qe8# 1-0

[Event "Women's Speed Chess Q5"]
[Site "chess.com INT"]
[Date "2020.06.22"]
[Round "12"]
[White "Petrova, Irina"]
[Black "Hryzlova, Sofiia"]
[Result "1-0"]
[WhiteTitle "WIM"]
[BlackTitle "WCM"]
[WhiteElo "2087"]
[BlackElo "1940"]
[WhiteFideId "14124122"]
[BlackFideId "14174669"]
[EventDate "2020.06.22"]

1. d4 Nf6 2. Bg5 h6 3. Bxf6 gxf6 4. e3 b6 5. Qf3 Nc6 6. Nc3 Bb7 7. O-O-O a5 8.
d5 Ne5 9. Qg3 c6 10. f4 Ng6 11. Bd3 d6 12. Bxg6 fxg6 13. Qxg6+ Kd7 14. Nf3 b5
15. dxc6+ Bxc6 16. Nxb5 Qb6 17. Nbd4 Rb8 18. b3 Ba8 19. Qf5+ Kc7 20. Rd3 Kb7 21.
Rc3 Ka7 22. Qd7+ Rb7 23. Qc8 Bg7 24. Qe6 Rhb8 25. Rd1 Rc7 26. Nb5+ Qxb5 27.
Rxc7+ Bb7 28. a4 Qb4 29. Nd4 1-0

[Event "Women's Speed Chess Q5"]
[Site "chess.com INT"]
[Date "2020.06.22"]
[Round "12"]
[White "Bartel, Marta"]
[Black "Sihite, Chelsie Monica Ignesias"]
[Result "0-1"]
[WhiteTitle "WGM"]
[BlackTitle "WIM"]
[WhiteElo "2192"]
[BlackElo "2252"]
[WhiteFideId "1123009"]
[BlackFideId "7101198"]
[EventDate "2020.06.22"]

1. d4 c5 2. d5 Nf6 3. Bg5 e5 4. Nc3 d6 5. e4 Be7 6. Bb5+ Bd7 7. a4 O-O 8. Nf3 a6
9. Bxd7 Nbxd7 10. a5 b5 11. axb6 Nxb6 12. Qe2 Nfxd5 13. exd5 Bxg5 14. Rxa6 Rxa6
15. Qxa6 e4 16. Nxg5 Qxg5 17. Qxb6 Qxg2 18. Rf1 e3 19. fxe3 Re8 20. Qb5 Rxe3+
21. Kd1 h6 22. Kc1 Kh7 23. h4 Rh3 24. Kb1 Rxh4 25. Rxf7 Rh1+ 26. Ka2 Qxc2 27.
Qd7 Rg1 28. Qf5+ Qxf5 29. Rxf5 Kg6 30. Rf8 h5 31. Kb3 h4 32. Ne4 Rd1 33. Nc3 Rd4
34. Rd8 h3 35. Rxd6+ Kh7 36. Ne2 h2 37. Nxd4 cxd4 38. Kc4 h1=Q 39. Kxd4 Qa1 40.
Rb6 Qg1+ 41. Ke5 Qxb6 42. d6 Qxb2+ 43. Ke6 Qd4 44. d7 g5 45. Ke7 g4 46. d8=Q
Qxd8+ 47. Kxd8 g3 0-1

[Event "Women's Speed Chess Q5"]
[Site "chess.com INT"]
[Date "2020.06.22"]
[Round "12"]
[White "Dauletova, Gulmira"]
[Black "Mendoza, Shania Mae"]
[Result "1-0"]
[WhiteTitle "WIM"]
[BlackTitle "WFM"]
[WhiteElo "2319"]
[BlackElo "2158"]
[WhiteFideId "13702971"]
[BlackFideId "5211158"]
[EventDate "2020.06.22"]

1. e4 c6 2. d4 d5 3. Nc3 dxe4 4. Nxe4 Bf5 5. Ng3 Bg6 6. h4 h6 7. Nf3 Nd7 8. h5
Bh7 9. Bd3 Bxd3 10. Qxd3 e6 11. Bd2 Ngf6 12. O-O-O Be7 13. Ne4 Nxe4 14. Qxe4 Nf6
15. Qe2 Qd5 16. Kb1 Qe4 17. Be3 O-O-O 18. Ne5 Rhf8 19. f3 Qd5 20. g4 Qa5 21. c4
Bd6 22. f4 Bxe5 23. dxe5 Ne4 24. Qc2 Nc5 25. a3 Na6 26. Rd6 Rxd6 27. exd6 Rd8
28. c5 b6 29. cxb6 Qd5 30. Rd1 Qf3 31. bxa7 Kb7 32. Qb3+ Ka8 33. d7 Nc5 34. Qb8+
Rxb8 35. axb8=Q+ Kxb8 36. d8=Q+ Kb7 37. Bxc5 Qe4+ 38. Ka1 Qxf4 39. Qb6+ 1-0

[Event "Women's Speed Chess Q5"]
[Site "chess.com INT"]
[Date "2020.06.22"]
[Round "12"]
[White "Voit, Daria"]
[Black "Sliwicka, Alicja"]
[Result "1-0"]
[WhiteTitle "WGM"]
[BlackTitle "WIM"]
[WhiteElo "2343"]
[BlackElo "2317"]
[WhiteFideId "4182146"]
[BlackFideId "1150677"]
[EventDate "2020.06.22"]

1. d4 Nf6 2. Nf3 c5 3. d5 e6 4. c4 b5 5. Bg5 h6 6. Bxf6 Qxf6 7. Qc2 exd5 8. cxd5
d6 9. e4 a6 10. a4 b4 11. Nbd2 Be7 12. Nc4 Nd7 13. Bd3 O-O 14. O-O a5 15. b3 Re8
16. Rae1 Bf8 17. h3 g6 18. Nfd2 Qd4 19. Kh1 Ne5 20. Nxe5 Qxe5 21. Bb5 Rd8 22. f4
Qh8 23. e5 Bf5 24. Qc4 Ra7 25. Nf3 Bg7 26. e6 fxe6 27. g4 Bc3 28. Re2 Bxg4 29.
hxg4 Re7 30. Rxe6 Rxe6 31. dxe6 d5 32. Qxc5 Qf6 33. e7 Rb8 34. Qxd5+ Kh7 35.
e8=Q Rxe8 36. Bxe8 Kg7 37. Qd7+ Kh8 38. Qf7 Qd6 39. Qxg6 Qxf4 40. Bb5 Be5 41.
Qe8+ Kh7 42. Qxe5 1-0

[Event "Women's Speed Chess Q5"]
[Site "chess.com INT"]
[Date "2020.06.22"]
[Round "12"]
[White "Papp, Petra"]
[Black "Solozhenkina, Elizaveta"]
[Result "1-0"]
[WhiteTitle "WGM"]
[BlackTitle "WIM"]
[WhiteElo "2338"]
[BlackElo "2301"]
[WhiteFideId "739049"]
[BlackFideId "34106615"]
[EventDate "2020.06.22"]

1. e4 c6 2. d4 d5 3. Nd2 dxe4 4. Nxe4 Bf5 5. Ng3 Bg6 6. h4 h6 7. Nf3 Nd7 8. h5
Bh7 9. Bd3 Bxd3 10. Qxd3 e6 11. Bd2 Ngf6 12. O-O-O Be7 13. Kb1 c5 14. Ne4 cxd4
15. Nxd4 Nxe4 16. Qxe4 Nf6 17. Qxb7 Rb8 18. Qc6+ Kf8 19. Bf4 Rb6 20. Nxe6+ fxe6
21. Rxd8+ Bxd8 22. Qc8 Kf7 23. c4 Re8 24. Rd1 Be7 25. Qc7 Kg8 26. Qxa7 Rb4 27.
b3 Ne4 28. Re1 Nc3+ 29. Kc2 Bf6 30. Qd7 Rbb8 31. Rxe6 Red8 32. Qc6 Ra8 33. a4
Rac8 34. Qf3 Rd7 35. Rxf6 Re8 36. Kxc3 1-0

[Event "Women's Speed Chess Q5"]
[Site "chess.com INT"]
[Date "2020.06.22"]
[Round "12"]
[White "Berend, Elvira"]
[Black "Socko, Monika"]
[Result "1/2-1/2"]
[WhiteTitle "WGM"]
[BlackTitle "GM"]
[WhiteElo "2326"]
[BlackElo "2428"]
[WhiteFideId "4000510"]
[BlackFideId "1106619"]
[EventDate "2020.06.22"]

1. d4 Nf6 2. c4 e6 3. g3 d5 4. Nf3 dxc4 5. Bg2 a6 6. O-O Be7 7. Ne5 O-O 8. Nxc4
c5 9. dxc5 Bxc5 10. Nc3 Nc6 11. Bg5 h6 12. Qxd8 Rxd8 13. Bxf6 gxf6 14. Ne4 Be7
15. Rfd1 Rb8 16. Rxd8+ Nxd8 17. Rd1 b5 18. Ncd6 Bb7 19. Nxb7 Nxb7 20. Rd7 Kf8
21. b3 Nc5 22. Nxc5 Bxc5 23. Rc7 Bb6 24. Rc6 Ke7 25. e3 Kd7 26. Bf3 a5 27. Kg2
Bc7 28. Ra6 b4 29. Kh3 Kd8 30. Kh4 Rb5 31. Rc6 Rf5 32. Bh5 Rxf2 33. Kh3 Kd7 34.
Rc4 Rxa2 35. Bxf7 Bb6 36. Re4 e5 37. Bc4 Kd6 38. Rh4 Bxe3 39. Re4 Bg1 40. Kg4
Rxh2 41. Re1 Bd4 42. Rf1 Rf2 43. Rh1 Be3 44. Rd1+ Kc5 45. Rd5+ Kc6 46. Rxa5 f5+
47. Kh3 f4 48. Rxe5 fxg3 49. Kxg3 Bf4+ 50. Kxf2 Bxe5 51. Kf3 Kc5 52. Kg4 Kd4 53.
Kh5 Bf4 54. Bg8 Ke5 55. Bf7 Kd4 56. Bg8 Be3 1/2-1/2

[Event "Women's Speed Chess Q5"]
[Site "chess.com INT"]
[Date "2020.06.22"]
[Round "12"]
[White "Kalinina, Larisa"]
[Black "Zavivaeva, Emilia"]
[Result "0-1"]
[WhiteTitle "WIM"]
[BlackTitle "WCM"]
[WhiteElo "2131"]
[BlackElo "1735"]
[WhiteFideId "14106361"]
[BlackFideId "34127531"]
[EventDate "2020.06.22"]

1. e4 c5 2. Nf3 Nc6 3. d4 cxd4 4. Nxd4 Nf6 5. Nc3 e5 6. Ndb5 d6 7. Bg5 a6 8. Na3
b5 9. Nd5 Be7 10. Bxf6 Bxf6 11. c3 O-O 12. Nc2 Bg5 13. a3 f5 14. Ncb4 Bb7 15.
Nxc6 Bxc6 16. exf5 Rxf5 17. Be2 Qf8 18. O-O Qf7 19. Nb4 Bb7 20. Bg4 Rf4 21. Nd3
Rf6 22. Bh5 g6 23. Be2 Rf8 24. f3 Be3+ 25. Kh1 e4 26. fxe4 Rxf1+ 27. Qxf1 Qe6
28. Qe1 Qxe4 29. Bf1 Re8 30. Rd1 Qg4 31. Qg3 Qxd1 32. Qxd6 Qxf1# 0-1

[Event "Women's Speed Chess Q5"]
[Site "chess.com INT"]
[Date "2020.06.22"]
[Round "12"]
[White "Balabayeva, Xeniya"]
[Black "Fataliyeva, Ulviyya"]
[Result "0-1"]
[WhiteTitle "WFM"]
[BlackTitle "WGM"]
[WhiteElo "2146"]
[BlackElo "2301"]
[WhiteFideId "13719688"]
[BlackFideId "13403052"]
[EventDate "2020.06.22"]

1. e4 e6 2. d4 d5 3. Nd2 a6 4. Ngf3 c5 5. exd5 exd5 6. dxc5 Bxc5 7. Nb3 Bb6 8.
Be2 Nf6 9. O-O O-O 10. Bg5 Nc6 11. c3 Be6 12. Nbd4 h6 13. Bh4 Re8 14. Re1 g5 15.
Nxg5 hxg5 16. Bxg5 Kg7 17. Qc1 Nxd4 18. cxd4 Bxd4 19. Qf4 Bxb2 20. Rab1 Bc3 21.
Rec1 Rc8 22. Bd3 Rh8 23. h3 b5 24. h4 b4 25. Rxb4 Bxb4 26. Rxc8 Bxc8 27. Qxb4
Qc7 28. Qd4 Qd6 29. g3 Re8 30. Kg2 Qe5 31. Qb6 Qe6 32. Qd4 Qh3+ 33. Kf3 Bg4+ 34.
Kf4 Re6 35. Qc3 Bh5 36. Bf5 Re4+ 0-1

[Event "Women's Speed Chess Q5"]
[Site "chess.com INT"]
[Date "2020.06.22"]
[Round "12"]
[White "Vaishali, R"]
[Black "Danielian, Elina"]
[Result "1-0"]
[WhiteTitle "WGM"]
[BlackTitle "GM"]
[WhiteElo "2393"]
[BlackElo "2407"]
[WhiteFideId "5091756"]
[BlackFideId "13300210"]
[EventDate "2020.06.22"]

1. e4 d6 2. d4 Nf6 3. Nc3 c6 4. Nf3 Bg4 5. Be2 e6 6. h3 Bh5 7. O-O d5 8. e5 Nfd7
9. a4 a6 10. Ng5 Bg6 11. f4 Be7 12. Bd3 c5 13. Ne2 Nc6 14. c3 cxd4 15. cxd4 Qb6
16. Bxg6 hxg6 17. Kh1 Rc8 18. Rb1 Qb4 19. Bd2 Qb6 20. Bc3 Na5 21. Qd3 Nb8 22.
Nxe6 fxe6 23. Qxg6+ Kd7 24. f5 Nc4 25. a5 Qc6 26. fxe6+ Qxe6 27. Qxe6+ Kxe6 28.
Nf4+ Kd7 29. Nxd5 Ke6 30. Nf4+ Kd7 31. Nd5 Rcf8 32. b3 Na3 33. Rbc1 Nb5 34. Nb6+
Ke6 35. d5# 1-0

[Event "Women's Speed Chess Q5"]
[Site "chess.com INT"]
[Date "2020.06.22"]
[Round "12"]
[White "Vargas, Gabriela"]
[Black "Zvereva, Margarita"]
[Result "1-0"]
[WhiteTitle "WIM"]
[BlackTitle "WFM"]
[WhiteElo "2170"]
[BlackElo "1929"]
[WhiteFideId "3700860"]
[BlackFideId "34177741"]
[EventDate "2020.06.22"]

1. d4 d5 2. Nf3 Nf6 3. Bg5 e6 4. Nbd2 Be7 5. e3 O-O 6. Bd3 Nbd7 7. c3 h6 8. h4
b6 9. Qe2 Bb7 10. Bf4 c5 11. Ne5 Ne4 12. g4 Nxe5 13. Bxe5 Bxh4 14. Nf3 Bxf2+ 15.
Kd1 Bg3 16. Qg2 Nf2+ 17. Ke2 Nxh1 18. Rxh1 Bxe5 19. dxe5 d4 20. exd4 cxd4 21. g5
dxc3 22. gxh6 g6 23. h7+ Kg7 24. Qh2 cxb2 25. Qh6+ Kh8 26. Ng5 1-0

[Event "Women's Speed Chess Q5"]
[Site "chess.com INT"]
[Date "2020.06.22"]
[Round "12"]
[White "Stefanova, Antoaneta"]
[Black "Luong, Phuong Hanh"]
[Result "1-0"]
[WhiteTitle "GM"]
[BlackTitle "WIM"]
[WhiteElo "2462"]
[BlackElo "2230"]
[WhiteFideId "2902257"]
[BlackFideId "12401013"]
[EventDate "2020.06.22"]

1. d4 Nf6 2. Nf3 g6 3. g3 Bg7 4. Bg2 O-O 5. O-O d5 6. Be3 c6 7. Qc1 Re8 8. c4
dxc4 9. Qxc4 Be6 10. Qc1 Nd5 11. Bh6 Bh8 12. e4 Nf6 13. Nc3 Na6 14. Rd1 Qa5 15.
e5 Nd5 16. Ne4 Rac8 17. Qg5 f5 18. Ned2 Ndb4 19. Qh4 Bd5 20. a3 Nd3 21. b4 Qc7
22. Ng5 e6 23. Ndf3 Nb2 24. Rd2 Nc4 25. Rc2 b5 26. Nh3 Qe7 27. Nfg5 Bxg2 28.
Kxg2 Nc7 29. Nf4 Bg7 30. Bxg7 Qxg7 31. a4 h6 32. axb5 hxg5 33. Qxg5 Kf7 34. Rxa7
cxb5 35. d5 Nxe5 36. Rcxc7+ Rxc7 37. Rxc7+ Kf8 38. Rxg7 Kxg7 39. Nxe6+ Kf7 40.
Qe3 Kf6 41. Qd4 g5 42. f4 1-0

[Event "Women's Speed Chess Q5"]
[Site "chess.com INT"]
[Date "2020.06.22"]
[Round "12"]
[White "Kubicka, Anna"]
[Black "Nguyen, Thi Mai Hung"]
[Result "0-1"]
[WhiteTitle "WIM"]
[BlackTitle "WGM"]
[WhiteElo "2256"]
[BlackElo "2258"]
[WhiteFideId "1152254"]
[BlackFideId "12401676"]
[EventDate "2020.06.22"]

1. e4 e6 2. d4 d5 3. Nd2 Be7 4. Bd3 c5 5. dxc5 Nd7 6. exd5 exd5 7. Ngf3 Nxc5 8.
Bb5+ Bd7 9. Bxd7+ Qxd7 10. O-O Nf6 11. Nb3 Nce4 12. Nbd4 O-O 13. Ne5 Qc7 14. Bf4
Qb6 15. Nf5 Bc5 16. Qf3 Rfe8 17. Nd3 Bf8 18. Be3 Qc7 19. c3 Rad8 20. Rad1 a6 21.
Bd4 Re6 22. Nf4 Rc6 23. Bxf6 Nxf6 24. Nxd5 Nxd5 25. Rxd5 Re8 26. Rfd1 Rf6 27.
Qg4 g6 28. h3 Qb6 29. Qg5 Bg7 30. Nd4 Qxb2 31. Qg3 Qxa2 32. Nf3 Rfe6 33. Rd8 Qa4
34. Rxe8+ Rxe8 35. Qd6 Bxc3 36. Ng5 Bf6 37. Qxf6 Qxd1+ 38. Kh2 Qd7 39. Qf4 Qe7
40. Qh4 h5 41. g3 Kg7 42. Nf3 Qxh4 43. Nxh4 Re2 44. Kg2 b5 45. Nf3 a5 46. Nd4
Rb2 47. Nc6 a4 48. Ne5 a3 49. Nd3 0-1